00942nam a2200229Ia 4500001009000000002000700090008003700097010001100134090001900145100003400164502013000198504003200328530002200360583001500382650004500397650003600442650005200478650005700530650004900587650005700636999001900693IA_255,30/05/2001,02/09/2011,5232271993 mx nmb 8223123322spa16,"106 h.220117s xx 000 0 und d a179687 aTesis A44 1993 aAlejandro Fernández9147970 aTesis (Ingeniero Agrónomo Especialista en Ingeniería Agroindustrial) -- UACh. Departamento de Ingeniería Agroindustrial aBibiliografía: h. 103-105 aDisponible en PDF a2 ej. imp. aCoffee beansxEntrepreneurship 9147971 aCoffee beansxFunding 9147972 0aCommunity developmentzMexicozVeracruz9147973 0aDesarrollo comunitariozMéxicozVeracruz 9147974 aSemillas de caféxFinanciamiento 9147975 aSemillas de caféxIniciativa empresarial 9147976 c179687d179687